LEADER 02554nam 22005295 450 001 9910345982403321 005 20260404110042.0 010 $a3-11-168061-4 024 7 $a10.1515/9783111680613 035 $a(CKB)4100000008046445 035 $a(MiAaPQ)EBC5761793 035 $a(DE-B1597)75393 035 $a(OCoLC)1099988321 035 $a(DE-B1597)9783111680613 035 $a(oapen)https://directory.doabooks.org/handle/20.500.12854/48331 035 $a(oapen)doab48331 035 $a(ODN)ODN0013025123 035 $a(EXLCZ)994100000008046445 100 $a20191022d2019 fg 101 0 $ager 135 $aurcnu|||||||| 181 $ctxt$2rdacontent 182 $cc$2rdamedia 183 $acr$2rdacarrier 200 14$aDas Geldwesen Spaniens seit dem Jahre 1772 /$fFritz Rühe 205 $aReprint 2019 210 $cDe Gruyter$d1912 210 31$aBerlin ;$aBoston :$cDe Gruyter,$d[2019] 210 1$cKarl I. Trübner Verlag,$d[1912] 210 4$d©1912 215 $a1 online resource (316 pages) 225 0 $aAbhandlungen aus dem Staatswissenschaftlichen Seminar zu Straßburg ;$v28 300 $aTitle from eBook information screen.. 311 08$a3-11-129436-6 327 $tFrontmatter --$tVorwort --$tLiteratur --$tInhaltsverzeichnis --$tI. Kapitel. Die Entwickelung der spanischen staatlichen Zahlungsmittel von 1772-1848 --$tII. Kapitel. Die durch den Anschluß an die Verhältnisse des Edelmetallmarktes veranlaßten mannigfachen Währungsänderungen der Jahre 1848-1868 --$tIII. Kapitel. Die Entwickelung der Währung in der Zeit von 1868-1883 --$tIV. Kapitel. Die intervalutarischen Beziehungen der Peseta seit dem Jahre 1883 --$tTabellen --$tSchluss 330 $aTo celebrate the 270th anniversary of the De Gruyter publishing house, the company is providing permanent open access to 270 selected treasures from the De Gruyter Book Archive. Titles will be made available to anyone, anywhere at any time that might be interested. The DGBA project seeks to digitize the entire backlist of titles published since 1749 to ensure that future generations have digital access to the high-quality primary sources that De Gruyter has published over the centuries. 606 $aMonetary policy 615 0$aMonetary policy. 676 $a332.46 686 $aBUS000000$aBUS069000$2bisacsh 700 $aRühe$b Fritz$00 801 0$bDE-B1597 801 1$bDE-B1597 906 $aBOOK 912 $a9910345982403321 996 $aDas Geldwesen Spaniens seit dem Jahre 1772$92079842 997 $aUNINA